[Event "Pobla de Lillet op 32nd"]
[Site "La Pobla de Lillet"]
[Date "2023.08.04"]
[Round "3"]
[White "Travesset Ribera, Daniel"]
[Black "Garcia Paolicchi, Raul"]
[Result "1/2-1/2"]
[WhiteElo "2108"]
[BlackElo "2054"]
[PlyCount "83"]
[EventDate "2023.08.02"]
[EventType "swiss"]
[EventRounds "9"]
[EventCountry "ESP"]
[SourceTitle "CBM 215 Extra"]
[Source "ChessBase"]
[SourceDate "2023.09.30"]
[SourceVersion "1"]
[SourceVersionDate "2023.09.30"]
[SourceQuality "1"]

1. Nf3 d5 2. b3 Bf5 3. Bb2 e6 4. g3 Nf6 5. Bg2 h6 6. c4 c6 7. 0-0 Nbd7 8. d3 Be7 9. Nbd2 0-0 10. a3 a5 11. Ra2 Bh7 12. Qa1 Qb6 13. Ne5 Rfd8 14. Nxd7 Rxd7 15. cxd5 exd5 16. Bh3 Rdd8 17. Rc1 Ne8 18. Bd4 Qa6 19. Rac2 Bf6 20. Nf3 Bxd4 21. Nxd4 Nd6 22. Qc3 Nb5 23. Nxb5 Qxb5 24. Rb2 Bg6 25. b4 axb4 26. Qxb4 Qxb4 27. axb4 f6 28. b5 Be8 29. bxc6 Bxc6 30. d4 Kf7 31. e3 Ke7 32. Bf1 Ra5 33. Rcb1 Kd6 34. Bb5 Bxb5 35. Rxb5 Rxb5 36. Rxb5 Kc6 37. Rc5+ Kd6 38. Kf1 b6 39. Rc2 Rb8 40. Ke2 Ra8 41. h4 h5 42. Kd2 1/2-1/2

[Event "Catalunya-chT Gp2 Final"]
[Site "Barcelona"]
[Date "2023.03.25"]
[Round "3.8"]
[White "Travesset Ribera, Daniel"]
[Black "Ventos, Liberto"]
[Result "1-0"]
[WhiteElo "2108"]
[BlackElo "1951"]
[PlyCount "91"]
[EventDate "2023.03.11"]
[EventType "team-k.o."]
[EventRounds "4"]
[EventCountry "ESP"]
[SourceTitle "EXT 2024"]
[Source "ChessBase"]
[SourceDate "2023.10.10"]
[SourceVersion "1"]
[SourceVersionDate "2023.10.10"]
[SourceQuality "1"]
[WhiteTeam "Sant Andreu"]
[BlackTeam "Lira Vendrellenca"]
[WhiteTeamCountry "ESP"]
[BlackTeamCountry "ESP"]

1. Nf3 Nf6 2. c4 g6 3. Nc3 Bg7 4. g3 d5 5. cxd5 Nxd5 6. Bg2 Nxc3 7. bxc3 0-0 8. 0-0 Nd7 9. Rb1 c6 10. Qa4 Nb6 11. Qc2 Rb8 12. d3 Re8 13. c4 e5 14. Nd2 h6 15. a4 Nd7 16. Ba3 Bf8 17. Bxf8 Kxf8 18. Ne4 Re6 19. c5 b6 20. cxb6 axb6 21. a5 b5 22. Nc5 Nxc5 23. Qxc5+ Qe7 24. Qe3 Kg7 25. Rfc1 Qc7 26. Qc5 Qxa5 27. Bxc6 Qb6 28. Qxb6 Rxb6 29. Bxb5 Rb8 30. Bc4 Rxb1 31. Rxb1 Re7 32. f3 Bb7 33. Kf2 f5 34. e4 fxe4 35. fxe4 g5 36. Rb6 Bc8 37. Ke3 Rc7 38. Be6 Bxe6 39. Rxe6 Rc5 40. h4 Ra5 41. h5 Rc5 42. Rg6+ Kh7 43. Rd6 Kg7 44. Rd7+ Kg8 45. Kf3 Ra5 46. Kg4 1-0

[Event "Catalunya-chT Gp2 Final"]
[Site "Barcelona"]
[Date "2023.03.11"]
[Round "1.10"]
[White "Travesset Ribera, Daniel"]
[Black "Dios Otin, Victor Federico"]
[Result "1-0"]
[WhiteElo "2108"]
[BlackElo "2001"]
[PlyCount "123"]
[EventDate "2023.03.11"]
[EventType "team-k.o."]
[EventRounds "4"]
[EventCountry "ESP"]
[SourceTitle "EXT 2024"]
[Source "ChessBase"]
[SourceDate "2023.10.10"]
[SourceVersion "1"]
[SourceVersionDate "2023.10.10"]
[SourceQuality "1"]
[WhiteTeam "Sant Andreu"]
[BlackTeam "Sant Cugat"]
[WhiteTeamCountry "ESP"]
[BlackTeamCountry "ESP"]

1. Nf3 Nf6 2. c4 e6 3. g3 b6 4. Bg2 Bb7 5. 0-0 Be7 6. d4 0-0 7. Nc3 d5 8. Ne5 c6 9. Qd3 Nfd7 10. Nxd7 Qxd7 11. cxd5 exd5 12. Rd1 Na6 13. Bf4 Rad8 14. Rac1 Bd6 15. Bxd6 Qxd6 16. a3 f5 17. e3 Nc7 18. Qc2 Ne6 19. Qa4 a6 20. Qb3 b5 21. Na4 Ng5 22. Nc5 Bc8 23. Qc2 Qh6 24. h4 Nf7 25. Nd3 Rd6 26. Nf4 g5 27. hxg5 Nxg5 28. Qe2 Ne4 29. a4 Qg7 30. axb5 axb5 31. Ra1 Qb7 32. Ra5 Qb6 33. Rda1 Bb7 34. Bh3 Rh6 35. Bg2 Rd6 36. Ra7 Nf6 37. Qc2 Ne4 38. Nd3 Rdd8 39. Qe2 Ra8 40. Rxa8 Bxa8 41. Qh5 Bb7 42. b4 Bc8 43. Ne5 Qc7 44. Ra8 Qb7 45. Ra1 Be6 46. Qh6 Rf6 47. Qh4 Rf8 48. Nd3 Bc8 49. Qh6 Rf6 50. Qf4 Rf7 51. Ne5 Rg7 52. Qh6 Rc7 53. Rc1 c5 54. dxc5 Qa7 55. Bxe4 dxe4 56. Qg5+ Kf8 57. Qd8+ Kg7 58. Rd1 h6 59. c6 Be6 60. Qd6 Kf6 61. Nd7+ Kf7 62. Qf8+ 1-0

[Event "Catalunya-chT Gp1"]
[Site "Barcelona"]
[Date "2019.02.02"]
[Round "3.10"]
[White "Chalmeta Ugas, Jordi Ramon"]
[Black "Travesset Ribera, Daniel"]
[Result "1-0"]
[WhiteElo "2142"]
[BlackElo "2118"]
[PlyCount "99"]
[EventDate "2019.01.19"]
[EventType "team-tourn"]
[EventRounds "7"]
[EventCountry "ESP"]
[SourceTitle "CBM 188 Extra"]
[Source "ChessBase"]
[SourceDate "2019.02.26"]
[SourceVersion "1"]
[SourceVersionDate "2019.02.26"]
[SourceQuality "1"]
[WhiteTeam "Foment Martinenc"]
[BlackTeam "Sant Andreu"]
[WhiteTeamCountry "ESP"]
[BlackTeamCountry "ESP"]

1. d4 Nf6 2. c4 e6 3. Nc3 Bb4 4. Qc2 c5 5. dxc5 Bxc5 6. Nf3 Qb6 7. e3 Qc7 8. Be2 b6 9. 0-0 Bb7 10. b3 a6 11. Bb2 Be7 12. Rac1 h6 13. Rfd1 d6 14. Nd4 Nbd7 15. f3 0-0 16. Qd2 Rac8 17. Bd3 Rfe8 18. Bb1 Bf8 19. Nde2 Qb8 20. Ng3 Rcd8 21. Qc2 g6 22. Nce4 Nxe4 23. Nxe4 Bxe4 24. Qxe4 e5 25. Qh4 Qc7 26. Be4 Nc5 27. Bd5 Bg7 28. Qg3 Kh7 29. e4 a5 30. Ba3 Na6 31. Qe1 f5 32. b4 axb4 33. Bxb4 Nxb4 34. Qxb4 f4 35. Rb1 Rb8 36. Rd3 g5 37. Rdb3 Bf6 38. Qb5 Rf8 39. a4 Bd8 40. a5 Qa7 41. a6 Rf6 42. Ra1 h5 43. Kf1 g4 44. Qe8 Rg6 45. Bf7 Rg7 46. Bxh5 gxf3 47. Rxf3 b5 48. Rh3 Bh4 49. Rxh4 Rxe8 50. Bf7# 1-0

[Event "Catalunya-chT Gp1"]
[Site "Barcelona"]
[Date "2019.01.26"]
[Round "2.10"]
[White "Travesset Ribera, Daniel"]
[Black "Vilar Lopez, Monica"]
[Result "0-1"]
[WhiteElo "2118"]
[BlackElo "2048"]
[PlyCount "76"]
[EventDate "2019.01.19"]
[EventType "team-tourn"]
[EventRounds "7"]
[EventCountry "ESP"]
[SourceTitle "CBM 188 Extra"]
[Source "ChessBase"]
[SourceDate "2019.02.26"]
[SourceVersion "1"]
[SourceVersionDate "2019.02.26"]
[SourceQuality "1"]
[WhiteTeam "Sant Andreu"]
[BlackTeam "Figueres"]
[WhiteTeamCountry "ESP"]
[BlackTeamCountry "ESP"]

1. Nf3 d5 2. c4 e6 3. d4 c5 4. cxd5 exd5 5. g3 Nc6 6. Bg2 Nf6 7. Nc3 Be7 8. 0-0 0-0 9. dxc5 Bxc5 10. Bg5 Be6 11. Rc1 Be7 12. Nd4 Nxd4 13. Qxd4 Qa5 14. a3 Rac8 15. Qd2 b6 16. Be3 d4 17. Bxd4 Rfd8 18. e3 Qh5 19. Qe2 Bg4 20. f3 Be6 21. Rfd1 h6 22. Qf2 Bb3 23. Re1 Be6 24. Bf1 Bb3 25. Nb5 Bd5 26. Rxc8 Rxc8 27. Nxa7 Ra8 28. Nb5 Bxf3 29. Be2 Bxe2 30. Qxe2 Ng4 31. Nc3 Re8 32. Ne4 Bxa3 33. bxa3 Rxe4 34. Qc2 Re6 35. Qb2 Ne5 36. Rf1 Qg6 37. Kg2 Nc4 38. Qf2 Nxa3 0-1

[Event "La Pobla de Lillet op 26th"]
[Site "La Pobla de Lillet"]
[Date "2016.08.09"]
[Round "8.7"]
[White "Travesset Ribera, Daniel"]
[Black "Moya Arau, Carles"]
[Result "1/2-1/2"]
[WhiteElo "2139"]
[BlackElo "2017"]
[PlyCount "47"]
[EventDate "2016.08.02"]
[EventType "swiss"]
[EventRounds "9"]
[EventCountry "ESP"]
[SourceTitle "EXT 2024"]
[Source "ChessBase"]
[SourceDate "2023.10.10"]
[SourceVersion "1"]
[SourceVersionDate "2023.10.10"]
[SourceQuality "1"]

1. d4 Nf6 2. Nf3 e6 3. c4 b6 4. g3 Bb7 5. Bg2 d5 6. Nc3 g6 7. cxd5 exd5 8. 0-0 Bg7 9. Bf4 c6 10. Qd2 0-0 11. Bh6 Nbd7 12. Bxg7 Kxg7 13. Rfd1 Qe7 14. Rac1 Rad8 15. Qf4 Rc8 16. h4 Nh5 17. Qg5 f6 18. Qd2 f5 19. e3 Nhf6 20. Ne2 Ne4 21. Qd3 h6 22. a3 Qf6 23. b4 b5 24. Qb3 1/2-1/2

[Event "La Pobla de Lillet op 26th"]
[Site "La Pobla de Lillet"]
[Date "2016.08.08"]
[Round "7.5"]
[White "Perez Garcia, A."]
[Black "Travesset Ribera, Daniel"]
[Result "1-0"]
[WhiteElo "2073"]
[BlackElo "2139"]
[PlyCount "127"]
[EventDate "2016.08.02"]
[EventType "swiss"]
[EventRounds "9"]
[EventCountry "ESP"]
[SourceTitle "EXT 2024"]
[Source "ChessBase"]
[SourceDate "2023.10.10"]
[SourceVersion "1"]
[SourceVersionDate "2023.10.10"]
[SourceQuality "1"]

1. e4 d5 2. exd5 Qxd5 3. Nc3 Qd8 4. d4 Nf6 5. Nf3 Bg4 6. h3 Bxf3 7. Qxf3 c6 8. Be3 e6 9. 0-0-0 Bb4 10. Ne4 Nxe4 11. Qxe4 Qd5 12. Qxd5 cxd5 13. c3 Bd6 14. Bd3 Nd7 15. Rde1 0-0 16. Bd2 Rab8 17. f4 b5 18. b4 Rfc8 19. Kb2 a6 20. a4 bxa4 21. Bxa6 Rc6 22. Bd3 Nb6 23. Rhf1 Be7 24. f5 Bf6 25. Bb5 Nc4+ 26. Bxc4 dxc4 27. fxe6 fxe6 28. Re4 Rd8 29. Bf4 Rd5 30. Rfe1 Kf7 31. Be5 Ke7 32. Ka3 h6 33. Rg4 h5 34. Bxf6+ gxf6 35. Rg7+ Kf8 36. Ra7 e5 37. dxe5 fxe5 38. Kxa4 Re6 39. Ra5 Rd2 40. Raxe5 Rb6 41. b5 Rb2 42. Ka5 Rb8 43. Rxh5 Kf7 44. g4 Rb3 45. Rf5+ Kg6 46. Re6+ Kg7 47. Rb6 Ra8+ 48. Ra6 Rb8 49. Rg5+ Kh7 50. Rh5+ Kg7 51. Ra7+ Kf6 52. Rc7 Rxc3 53. b6 Ra3+ 54. Kb4 Rb3+ 55. Kxc4 R8xb6 56. Rh6+ Kg5 57. Rxb6 Rxb6 58. Kd4 Rb3 59. Rc3 Rb1 60. Ke4 Kh4 61. Rf3 Rb5 62. Kf4 Ra5 63. Re3 Rb5 64. Re5 1-0

[Event "Catalunya-chT Gp2"]
[Site "Barcelona"]
[Date "2016.02.20"]
[Round "5.1"]
[White "Travesset Ribera, Daniel"]
[Black "Martinez Pla, Xavier"]
[Result "1/2-1/2"]
[WhiteElo "2135"]
[BlackElo "2016"]
[PlyCount "33"]
[EventDate "2016.01.23"]
[EventType "team-tourn"]
[EventRounds "7"]
[EventCountry "ESP"]
[SourceTitle "EXT 2017"]
[Source "ChessBase"]
[SourceDate "2016.10.25"]
[SourceVersion "1"]
[SourceVersionDate "2016.10.25"]
[SourceQuality "1"]
[WhiteTeam "Sant Andreu"]
[BlackTeam "Tres Peons"]
[WhiteTeamCountry "ESP"]
[BlackTeamCountry "ESP"]

1. Nf3 c5 2. g3 b6 3. Bg2 Bb7 4. c4 Nf6 5. Nc3 e6 6. 0-0 d6 7. a3 Be7 8. Re1 0-0 9. e4 a6 10. Rb1 Qc7 11. d3 Nbd7 12. Bf4 Rac8 13. Qd2 Ne5 14. h3 Nxf3+ 15. Bxf3 Nd7 16. Bg2 Ne5 17. Be3 1/2-1/2

[Event "Catalunya-chT GpA final"]
[Site "Barcelona"]
[Date "2015.03.21"]
[Round "9.4"]
[White "Travesset Ribera, Daniel"]
[Black "Colls Gelaberto, Emilio"]
[Result "1/2-1/2"]
[WhiteElo "2152"]
[BlackElo "2126"]
[PlyCount "23"]
[EventDate "2015.03.14"]
[EventType "team-tourn"]
[EventRounds "11"]
[EventCountry "ESP"]
[SourceTitle "EXT 2016"]
[Source "ChessBase"]
[SourceDate "2015.10.08"]
[SourceVersion "1"]
[SourceVersionDate "2015.10.08"]
[SourceQuality "1"]
[WhiteTeam "Sant Andreu"]
[BlackTeam "Figueres"]
[WhiteTeamCountry "ESP"]
[BlackTeamCountry "ESP"]

1. Nf3 Nf6 2. c4 c5 3. g3 d5 4. cxd5 Nxd5 5. Bg2 Nc6 6. 0-0 e5 7. Nc3 Nc7 8. d3 Be7 9. Nd2 Be6 10. Nc4 Nd5 11. Ne3 Nc7 12. Nc4 1/2-1/2

[Event "Catalunya-chT Gp2"]
[Site "Barcelona"]
[Date "2015.03.07"]
[Round "7.3"]
[White "Vicente Bessen, Kirian"]
[Black "Travesset Ribera, Daniel"]
[Result "0-1"]
[WhiteElo "1755"]
[BlackElo "2152"]
[PlyCount "104"]
[EventDate "2015.01.24"]
[EventType "team-tourn"]
[EventRounds "7"]
[EventCountry "ESP"]
[SourceTitle "EXT 2016"]
[Source "ChessBase"]
[SourceDate "2015.10.08"]
[SourceVersion "1"]
[SourceVersionDate "2015.10.08"]
[SourceQuality "1"]
[WhiteTeam "Mollet"]
[BlackTeam "Sant Andreu"]
[WhiteTeamCountry "ESP"]
[BlackTeamCountry "ESP"]

1. d4 Nf6 2. c4 e6 3. Nc3 Bb4 4. Nf3 b6 5. Bg5 h6 6. Bxf6 Qxf6 7. e4 Bb7 8. Qc2 c5 9. d5 Bxc3+ 10. bxc3 e5 11. Be2 0-0 12. 0-0 d6 13. a4 Nd7 14. a5 g5 15. Qa4 Rad8 16. axb6 axb6 17. Qb5 Qf4 18. Ra7 Bc8 19. Qb1 Nf6 20. Bd3 Nh5 21. Qc1 Qf6 22. Qe3 Nf4 23. Rb1 Bg4 24. Bf1 Nh3+ 25. gxh3 Bxf3 26. Bg2 Bh5 27. f3 Ra8 28. Rba1 Rxa7 29. Rxa7 Rb8 30. Ra6 Kg7 31. Ra2 Qd8 32. Bf1 Ra8 33. Rg2 Kh7 34. Be2 Ra1+ 35. Bf1 Qd7 36. Rg3 b5 37. Qe2 bxc4 38. Qxc4 Qb7 39. Kf2 Qb2+ 40. Be2 Qc1 41. Qb3 Rb1 42. Qc4 Qe1+ 43. Ke3 Rc1 44. Kd3 Ra1 45. Qb3 Rb1 46. Qc2 Ra1 47. Qd2 Qb1+ 48. Qc2 c4+ 49. Kd2 Ra2 50. Qxa2 Qxa2+ 51. Ke1 Qa1+ 52. Kd2 Qb2+ 0-1

[Event "Catalunya-chT Gp2"]
[Site "Barcelona"]
[Date "2015.02.07"]
[Round "3.4"]
[White "Travesset Ribera, Daniel"]
[Black "Palomares Fite, Jordi"]
[Result "1-0"]
[WhiteElo "2152"]
[BlackElo "1928"]
[PlyCount "103"]
[EventDate "2015.01.24"]
[EventType "team-tourn"]
[EventRounds "7"]
[EventCountry "ESP"]
[SourceTitle "CBM 164 Extra"]
[Source "ChessBase"]
[SourceDate "2015.03.02"]
[SourceVersion "1"]
[SourceVersionDate "2015.03.02"]
[SourceQuality "1"]
[WhiteTeam "Sant Andreu"]
[BlackTeam "Barcelona Escola Escacs"]
[WhiteTeamCountry "ESP"]
[BlackTeamCountry "ESP"]

1. Nf3 b6 2. g3 Bb7 3. Bg2 e5 4. d3 c5 5. c4 Bd6 6. Nc3 Nc6 7. 0-0 Nf6 8. Bg5 h6 9. Ne4 Qe7 10. Bxf6 gxf6 11. Nh4 Bc7 12. Nf5 Qd8 13. e3 Kf8 14. Qh5 Rb8 15. Qh4 Nb4 16. Qxf6 Qxf6 17. Nxf6 Bxg2 18. Nxd7+ Ke8 19. Nf6+ Kf8 20. Kxg2 Rd8 21. Rfd1 Nxd3 22. Rab1 Nxb2 23. Nd7+ Ke8 24. Nf6+ Kf8 25. Rxd8+ Bxd8 26. Nd7+ Ke8 27. Nxe5 Bc7 28. Nxf7 Kxf7 29. Rxb2 Ke6 30. e4 Rd8 31. Rc2 h5 32. Kf3 Be5 33. Ke3 Rd1 34. f4 Bf6 35. Rd2 Re1+ 36. Kf3 Rc1 37. Rd6+ Kf7 38. e5 Be7 39. Rd7 Ke6 40. Rxe7+ Kxf5 41. Rxa7 Rc3+ 42. Kg2 Rxc4 43. Rf7+ Ke6 44. Rf6+ Kd5 45. Rxb6 Rc2+ 46. Kf3 Rxa2 47. Rd6+ Kc4 48. e6 Ra8 49. f5 Kb3 50. e7 Re8 51. f6 c4 52. Rd8 1-0

[Event "Benasque op 34th"]
[Site "Benasque"]
[Date "2014.07.07"]
[Round "4"]
[White "Sandipan, Chanda"]
[Black "Travesset Ribera, Daniel"]
[Result "1-0"]
[WhiteElo "2597"]
[BlackElo "2149"]
[PlyCount "71"]
[EventDate "2014.07.04"]
[EventType "swiss"]
[EventRounds "9"]
[EventCountry "ESP"]
[SourceTitle "CBM 161 Extra"]
[Source "ChessBase"]
[SourceDate "2014.08.29"]
[SourceVersion "1"]
[SourceVersionDate "2014.08.29"]
[SourceQuality "1"]

1. d4 Nf6 2. Nf3 e6 3. Bf4 c5 4. e3 Nc6 5. c3 d5 6. Nbd2 Bd6 7. Bg3 0-0 8. Bd3 b6 9. Qe2 Bb7 10. Rd1 Re8 11. dxc5 Bxc5 12. e4 a5 13. Bh4 Be7 14. e5 Nd7 15. Bxe7 Qxe7 16. 0-0 f6 17. exf6 gxf6 18. Nd4 Nxd4 19. cxd4 Nf8 20. f4 Rac8 21. Rf3 Rc7 22. Rg3+ Kh8 23. Re1 Qf7 24. Re3 Rec8 25. f5 Rc1 26. Nf3 Rxe1+ 27. Qxe1 Rc6 28. Bb5 Rd6 29. Qg3 Qe7 30. Ne5 Rd8 31. Ng4 Bc8 32. Qh4 Qf7 33. Nh6 Qe7 34. Qh5 Bd7 35. Rg3 Ng6 36. fxg6 1-0

[Event "Catalunya-chT"]
[Site "Catalunya"]
[Date "2014.02.08"]
[Round "3.2"]
[White "Travesset Ribera, Daniel"]
[Black "Costa, Vincenzo"]
[Result "1-0"]
[WhiteElo "2149"]
[BlackElo "1916"]
[PlyCount "111"]
[EventDate "2014.01.25"]
[EventType "team"]
[EventRounds "11"]
[EventCountry "ESP"]
[SourceTitle "CBM 158 Extra"]
[Source "ChessBase"]
[SourceDate "2014.02.28"]
[SourceVersion "1"]
[SourceVersionDate "2014.02.28"]
[SourceQuality "1"]
[WhiteTeam "Sant Andreu"]
[BlackTeam "Sitges"]
[WhiteTeamCountry "ESP"]
[BlackTeamCountry "ESP"]

1. d4 Nf6 2. Nf3 b6 3. c4 e6 4. g3 Bb7 5. Bg2 d5 6. Ne5 Be7 7. 0-0 0-0 8. Nc3 c5 9. cxd5 Nxd5 10. dxc5 bxc5 11. Qb3 Qb6 12. Nxd5 exd5 13. Bxd5 Qxb3 14. Bxb3 Bf6 15. Ng4 Nd7 16. Nxf6+ Nxf6 17. Be3 Ba6 18. Rfe1 Rfc8 19. Rac1 c4 20. Ba4 Nd5 21. Bd4 Nb6 22. Bc2 Bb7 23. Bf5 Rc7 24. Red1 g6 25. Bh3 f5 26. Bg2 Bxg2 27. Kxg2 Rac8 28. Rc2 Kf7 29. Rdc1 Ke6 30. b3 Kd5 31. Rd1 Ke6 32. Bxb6 axb6 33. Rxc4 Rxc4 34. bxc4 Rxc4 35. Rd2 g5 36. Rb2 Rc6 37. Rb5 h6 38. h3 Kf6 39. Kf3 Kg6 40. e3 Kf6 41. g4 fxg4+ 42. hxg4 Kg7 43. a4 Re6 44. Rb4 Kg6 45. Ke2 Kg7 46. Kd3 Rf6 47. Rb2 Kg6 48. Kd4 h5 49. gxh5+ Kxh5 50. e4 Kg6 51. Kd5 Kf7 52. Rc2 g4 53. e5 Rf4 54. Rc4 Rxf2 55. Rxg4 Rf5 56. Rb4 1-0

[Event "Catalunya-chT Honor"]
[Site "Catalunya"]
[Date "2013.04.06"]
[Round "10.10"]
[White "Moravich Casais, Juan Santiago"]
[Black "Travesset Ribera, Daniel"]
[Result "1-0"]
[WhiteElo "2036"]
[BlackElo "2148"]
[PlyCount "51"]
[EventDate "2013.01.19"]
[EventType "team-tourn"]
[EventRounds "11"]
[EventCountry "ESP"]
[SourceTitle "EXT 2014"]
[Source "ChessBase"]
[SourceDate "2013.11.20"]
[SourceVersion "1"]
[SourceVersionDate "2013.11.20"]
[SourceQuality "1"]
[WhiteTeam "Barcelona Escola Escacs"]
[BlackTeam "Sant Andreu"]
[WhiteTeamCountry "ESP"]
[BlackTeamCountry "ESP"]

1. e4 c5 2. Nf3 Nc6 3. d4 cxd4 4. Nxd4 d5 5. Nxc6 bxc6 6. Nc3 d4 7. Bc4 e5 8. Ne2 Nf6 9. 0-0 Be7 10. f4 0-0 11. fxe5 Ng4 12. e6 Bc5 13. exf7+ Kh8 14. Bd3 Qh4 15. h3 Ne3 16. Bxe3 dxe3 17. Qe1 Qe7 18. Qc3 Be6 19. Bc4 Bb6 20. Qe5 Rxf7 21. Qxe6 Rxf1+ 22. Rxf1 Qg5 23. Qf5 Qe7 24. e5 Rd8 25. Bd3 g6 26. Qf6+ 1-0

[Event "Catalunya-chT Honor"]
[Site "Catalunya"]
[Date "2013.03.02"]
[Round "7.9"]
[White "Tallo Dominguez, Imar"]
[Black "Travesset Ribera, Daniel"]
[Result "0-1"]
[WhiteElo "2250"]
[BlackElo "2148"]
[PlyCount "107"]
[EventDate "2013.01.19"]
[EventType "team-tourn"]
[EventRounds "11"]
[EventCountry "ESP"]
[SourceTitle "EXT 2014"]
[Source "ChessBase"]
[SourceDate "2013.11.20"]
[SourceVersion "1"]
[SourceVersionDate "2013.11.20"]
[SourceQuality "1"]
[WhiteTeam "Colon Sabadell"]
[BlackTeam "Sant Andreu"]
[WhiteTeamCountry "ESP"]
[BlackTeamCountry "ESP"]

1. g3 c5 2. Bg2 Nc6 3. c4 g6 4. Nc3 Bg7 5. Nf3 e5 6. 0-0 Nge7 7. Rb1 0-0 8. a3 a5 9. b3 d6 10. Bb2 Rb8 11. Ne1 Be6 12. Nd5 Qd7 13. f4 f6 14. Nc2 b6 15. b4 axb4 16. axb4 cxb4 17. Ba1 b5 18. Ncxb4 Nxb4 19. Rxb4 bxc4 20. Nxe7+ Qxe7 21. Qa4 d5 22. Rfb1 Rxb4 23. Rxb4 Bf7 24. Qa5 exf4 25. Bxd5 Qxe2 26. Bxf7+ Rxf7 27. gxf4 Qg4+ 28. Kh1 Qxf4 29. Kg1 h5 30. Qa6 Qg4+ 31. Kf2 Qh4+ 32. Kg2 Qg4+ 33. Kf2 Re7 34. Qxc4+ Qxc4 35. Rxc4 f5 36. Bc3 Bxc3 37. dxc3 Kf7 38. h4 Kf6 39. Kf3 Re6 40. Kf4 Ra6 41. Rc8 Ra4+ 42. c4 Ra6 43. Rc5 Re6 44. Kf3 Re4 45. Rc6+ Kg7 46. Rc7+ Kf6 47. Rc6+ Re6 48. Rc5 Ke7 49. Ra5 Re4 50. Ra7+ Kf6 51. Ra6+ Kg7 52. Ra7+ Kh6 53. Kg3 Rxc4 54. Rb7 0-1

[Event "Benasque op 30th"]
[Site "Benasque"]
[Date "2010.07.09"]
[Round "2"]
[White "Travesset Ribera, Daniel"]
[Black "Melkumyan, Hrant"]
[Result "0-1"]
[WhiteElo "2179"]
[BlackElo "2606"]
[PlyCount "54"]
[EventDate "2010.07.08"]
[EventType "swiss"]
[EventRounds "10"]
[EventCountry "ESP"]
[SourceTitle "CBM 137 Extra"]
[Source "ChessBase"]
[SourceDate "2010.09.01"]
[SourceVersion "1"]
[SourceVersionDate "2010.09.01"]
[SourceQuality "1"]

1. d4 d5 2. Nf3 Nf6 3. g3 c5 4. c4 cxd4 5. Bg2 Qa5+ 6. Qd2 Qxd2+ 7. Nbxd2 Nc6 8. 0-0 e6 9. cxd5 Nxd5 10. Nb3 d3 11. exd3 b6 12. Rd1 Bb7 13. Be3 Be7 14. Rac1 Bf6 15. d4 Ke7 16. a3 Rac8 17. Nbd2 Na5 18. Rxc8 Rxc8 19. b4 Nc4 20. Nxc4 Rxc4 21. Rd3 Rc2 22. h4 Ra2 23. Ne5 Ba6 24. Rb3 Bxe5 25. dxe5 Bc4 26. Bxd5 Ra1+ 27. Kh2 Bxd5 0-1